| 000 | 00439cam a22001457a 4500 | ||
|---|---|---|---|
| 008 | 180718b2002 xxu||||| |||| 00| 0 eng d | ||
| 020 | _a0821351370 | ||
| 082 | _aT39 In8b | ||
| 245 | _aBangladesh: financial accountability for good governance | ||
| 260 |
_aWashington, D.C. _bWorld Bank _c2002 |
||
| 300 | _a104p. | ||
| 440 | _aA World Bank country study | ||
| 650 | _aBangladesh - Economic conditions | ||
| 650 | _aGovernance - Bangladesh | ||
| 999 |
_c288765 _d288765 |
||